| 000 | 00994nam a2200289 a 4500 | ||
|---|---|---|---|
| 001 | 000001774 | ||
| 005 | 20250314135209.0 | ||
| 008 | 090629s2008 dr 001 0 spa d | ||
| 020 | _a843060569X | ||
| 020 | _a9788430605699 | ||
| 040 |
_aDO-SdBNP _bspa _cBNPHU |
||
| 082 |
_a868 _bO77o, 2008 |
||
| 100 | 1 |
_aOrtega y Gasset, José, _b1883-1955 _95769 |
|
| 245 | 1 | 0 |
_aObras completas / _cJosé Ortega y Gasset. |
| 250 | _a2a. ed. | ||
| 260 |
_aSanto Domingo : _bTaurus, _c2008. |
||
| 300 |
_av. ; _c25 cm. |
||
| 500 | _aIncluye índice. | ||
| 500 | _aLa biblioteca posee los volumenes 2 y 3. | ||
| 500 | _aIncluye referencias bibliográficas y notas al pie de las páginas. | ||
| 600 | 1 | 4 |
_aORTEGA Y GASSET, JOSÉ, _d1883-1955 _95770 |
| 650 | 4 |
_aFilosofía moderna _ySIGLO XX _95771 |
|
| 650 | 0 |
_aCiencia política _95772 |
|
| 650 | 4 |
_aLiteratura española _ySIGLO XX _xHistoria y crítica _93061 |
|
| 710 | 2 |
_aFundación Ortega y Gasset _95773 |
|
| 910 | _aValidado. Control de calidad MFF | ||
| 999 |
_c1651 _d1651 |
||